| 000 | 00615nam a2200217 i 4500 | ||
|---|---|---|---|
| 001 | 75743 | ||
| 003 | ES-MaACL | ||
| 005 | 20250824211722.0 | ||
| 007 | t| | ||
| 008 | 040927s1962 sp ||||1| spa d | ||
| 100 | 1 |
_aGrau Solá, Jordi. _9143789 |
|
| 245 | 1 | 3 |
_aEl actor y el cine / _cJorge Grau. |
| 260 |
_aMadrid : _bRialp, _c1962. |
||
| 300 |
_a298 p., 8 lám. ; _c19 cm. |
||
| 490 | 1 |
_aLibros de cine Rialp. _aSerie B ; _v27 |
|
| 650 | 0 | 7 |
_aCine _2embne _911010 |
| 650 | 0 | 0 |
_aActores. _99592 |
| 830 | 1 | 0 |
_aLibros de cine Rialp _v27 _9181163 |
| 852 |
_aES-MaACL _jC-21479 |
||
| 999 |
_c75743 _d75743 |
||